000 00820nam a22002297a 4500
003 SEM
005 20220608073550.0
008 161215b xxu||||| |||| 00| 0 arm
020 _a9789994107506
040 _aՍԷՄ
_cՍԷՄ
041 0 _aarm.
100 1 _aԴևրիկյան Վարդան Գևորգի
_d1964-
245 1 0 _aԼվովի հայկական տպագրության 400-ամյակը: /
_cՎ. Դևրիկյան
246 1 1 _a400 рiччя вiрменського друкарства у Львовi.
246 1 1 _aThe 400th anniversary of the armenian typography in Lvov.
260 _aԵրևան:
_bՏիգրան Մեծ,
_c2016.
300 _a132 էջ;
_bնկ.;
_c20 սմ.
504 _aSummary: p. 120-131
650 _aՀայ գիրք
650 _aՏպագրություն
_zԼվով
942 _2udc
_cBK
999 _c65929
_d65929